Flags with suns - Statistics

General Stats
  • This quiz has been taken 22 times
    12 since last reset
  • The average score is 17 of 20
Answer Stats
Picture Answer % Correct
Argentina
100%
Malaysia
100%
North Macedonia
100%
Taiwan
100%
Uruguay
100%
Bangladesh
88%
Japan
88%
Malawi
88%
Nepal
88%
Niger
88%
Philippines
88%
Taiwan
88%
Tajikistan
88%
Antigua And Barbuda
75%
Ecuador
75%
Kazakhstan
75%
Kiribati
75%
Kyrgyzstan
75%
Namibia
75%
Rwanda
75%
No matching quizzes found
Score Distribution
Percent of People with Each Score
Percentile by Number Answered
Your Score History
You have not taken this quiz since the last reset